| 000 | 00511nam a2200121 a 4500 | ||
|---|---|---|---|
| 008 | 100824s2000 ||||||||||||||||| || u | ||
| 050 | _aCBU-PWPA(02) | ||
| 245 | 0 | 4 |
_aThe global economy and society: a world survey _cCompiled by Anderson, Gordon L. |
| 260 |
_aMinnesota _bProfessors World Peace Academy _c2000 |
||
| 300 | _a173p. | ||
| 350 | _a0.00 | ||
| 995 |
_D0.00 _FCBU-MAIN LIBRARY (Kitwe) _H1 _I0.00 _M1 _UAVAILABLE _WAug 24, 2010 _ZInternational Publications |
||
| 999 |
_c44647 _d44647 |
||